Reassessing the effects of police manpower changes on crime rates: evidence from a dynamic panel model

Saved in:  
Bibliographic Details
Main Author: Kim, MoonSun (Author)
Format: Print Book
Language:English
Published: 2007
In:Year: 2007
Check availability: HBZ Gateway
Subito Delivery Service: Order now.
Keywords:

MARC

LEADER 00000cam a2200000 c 4500
001 1355676436
003 DE-627
005 20220527150252.0
007 tu
008 080912s2007 xx ||||| m 00| ||eng c
024 8 |a 3293128  |q Order no. 
035 |a (DE-627)1355676436 
035 |a (DE-576)285676431 
035 |a (DE-599)BSZ285676431 
040 |a DE-627  |b ger  |c DE-627  |e rakwb 
041 |a eng 
100 1 |a Kim, MoonSun  |4 aut 
245 1 0 |a Reassessing the effects of police manpower changes on crime rates  |b evidence from a dynamic panel model  |c by MoonSun Kim 
264 1 |c 2007 
300 |a VII, 185 S. 
336 |a Text  |b txt  |2 rdacontent 
337 |a ohne Hilfsmittel zu benutzen  |b n  |2 rdamedia 
338 |a Band  |b nc  |2 rdacarrier 
502 |a Albany, State Univ. of New York 
583 1 |a Archivierung prüfen  |c 20200919  |f DE-640  |z 1  |2 pdager 
655 7 |a Hochschulschrift  |0 (DE-588)4113937-9  |0 (DE-627)105825778  |0 (DE-576)209480580  |2 gnd-content 
751 |a Albany, NY  |0 (DE-588)4208941-4  |0 (DE-627)105108359  |0 (DE-576)210188898  |4 uvp 
935 |a mkri 
951 |a BO 
ELC |b 1 
LOK |0 000 xxxxxcx a22 zn 4500 
LOK |0 001 2580340408 
LOK |0 003 DE-627 
LOK |0 004 1355676436 
LOK |0 005 20080912100849 
LOK |0 008 080912||||||||||||||||ger||||||| 
LOK |0 040   |a DE-Frei85  |c DE-627  |d DE-Frei85 
LOK |0 852   |z Kopie, erschienen im Verlag Univ. Microfilms Internat., Ann Arbor, 2008 
LOK |0 852   |a DE-Frei85 
LOK |0 852 1  |m p  |9 00 
LOK |0 938   |k p 
LOK |0 939   |a 12-09-08  |b l01 
ORI |a SA-MARC-krimdoka001.raw